000 00449nam a2200181Ia 4500
001 12984
005 20260306163020.0
008 260306t1969||||xx |||||||||||||| ||spa||
041 _aESP
082 _aRD 530.03
_bM26
100 _aMarks, Robert W.
_eAUT
245 0 _aDiccionario y manual de la nueva física y química
260 _c1969
300 _a261 páginas :
_c18 cm.
650 _aGEN
654 _aCCN
942 _cDIC
_dJUS
_fJUS
_2ddc
_n
999 _c12984
_d12984